Statistics for Guess the Famous People from their Eyes #21

Click here to take the quiz!

General Stats

  • This quiz has been taken 72 times
  • The average score is 6 of 16

Answer Stats

Answer% Correct
Justin Bieber
85%
Kanye West
82%
Ronald Reagan
69%
Channing Tatum
57%
Dua Lipa
54%
Anya Taylor-Joy
49%
Cate Blanchett
45%
Sandra Oh
42%
Christopher Lee
37%
Ralph Fiennes
31%
The Undertaker
25%
Ronda Rousey
17%
James Earl Jones
14%
Lena Headey
11%
Miranda Kerr
9%
Famke Janssen
8%

Score Distribution

Percentile by Number Answered

Percent of People with Each Score

Your Score History

You have not taken this quiz